000 01996cpcaa2200385 a 4500
001 mm2011085588
003 DLC
005 20260227111732.0
008 110531|||||||||||| eng
010 _amm2011085588
040 _aDLC
_cDLC
_edacs
_dDLC
072 7 _aW
_2lcmd
100 1 _aAmeli, Alonzo,
_d1838-1912.
245 0 0 _aAlonzo Ameli papers,
_f1861-1863.
300 _a80
_fitems.
506 0 _aOpen to research.
520 8 _aChiefly correspondence between Ameli and his brother, Peter Ameli, relating to Alonzo Ameli's Civil War service with the 5th New York Infantry Regiment, also known as DuryƩe's Zouaves (Duryea's Zouaves), chiefly in Maryland, Virginia, and the area surrounding Washington, D.C. Ameli describes camp life, movements of the regiment, and details of skirmishes and battles including the Battle of Big Bethel, Va., 1861. He provides his opinions on the Civil War, morale of the troops, and military leadership, especially that of George Brinton McClellan.
545 0 _aUnion Army soldier.
546 _aCollection material in English.
580 _aForms part of: Miscellaneous Manuscripts collection.
600 1 0 _aAmeli, Peter
_vCorrespondence.
600 1 0 _aMcClellan, George Brinton,
_d1826-1885.
610 1 0 _aUnited States.
_bArmy.
_bNew York Infantry Regiment, 5th (1861-1863)
610 1 0 _aUnited States.
_bArmy
_xOfficers.
650 0 _aBig Bethel, Battle of, Va., 1861.
651 0 _aMaryland
_xHistory
_yCivil War, 1861-1865.
651 0 _aNew York (State)
_xHistory
_yCivil War, 1861-1865.
651 0 _aUnited States
_xHistory
_yCivil War, 1861-1865.
651 0 _aUnited States
_xHistory
_yCivil War, 1861-1865
_xCampaigns.
651 0 _aVirginia
_xHistory
_yCivil War, 1861-1865.
651 0 _aWashington (D.C.)
_xHistory
_yCivil War, 1861-1865.
656 7 _aSoldiers.
_2itoamc
999 _c44860
_d44860